Catálogo público

Propuesta de conservación del achoque (Ambystoma dumerilii) en la microcuenca del lago de Pátzcuaro / (Record no. 218765)

MARC details
000 -CABECERA
campo de control de longitud fija 02461nam a2200289 a 4500
003 - IDENTIFICADOR DEL NÚMERO DE CONTROL
campo de control OSt
005 - FECHA Y HORA DE LA ÚLTIMA TRANSACCIÓN
campo de control 20251112095158.0
007 - CAMPO FIJO DE DESCRIPCIÓN FÍSICA--INFORMACIÓN GENERAL
campo de control de longitud fija cr ||||||a|c|a
008 - DATOS DE LONGITUD FIJA--INFORMACIÓN GENERAL
campo de control de longitud fija 230516s2020 mx adb|fom||| 001 0 spa d
040 ## - FUENTE DE LA CATALOGACIÓN
Normas de descripción rda
100 1# - ENTRADA PRINCIPAL--NOMBRE DE PERSONA
9 (RLIN) 186995
Nombre de persona Reyes Valdovinos, Erandi Yunuen
245 10 - MENCIÓN DE TÍTULO
Título Propuesta de conservación del achoque (Ambystoma dumerilii) en la microcuenca del lago de Pátzcuaro /
Mención de responsabilidad, etc. por Erandi Yunuen Reyes Valdovinos; director de tesis Alejandro S. Sánchez Vélez
264 #1 - PRODUCCIÓN, PUBLICACIÓN, DISTRIBUCIÓN, FABRICACIÓN Y COPYRIGHT
Producción, publicación, distribución, fabricación y copyright Chapingo, México :
Nombre del de productor, editor, distribuidor, fabricante El autor,
Fecha de producción, publicación, distribución, fabricación o copyright 2020.
300 ## - DESCRIPCIÓN FÍSICA
Extensión 1 recurso en línea (101 páginas):
Otras características físicas ilustraciones, gráficas, mapas
336 ## - TIPO DE CONTENIDO
Fuente rdacontent
Término de tipo de contenido texto
Código de tipo de contenido txt
337 ## - TIPO DE MEDIO
Fuente rdamedia
Nombre/término del tipo de medio computadora
Código del tipo de medio c
338 ## - TIPO DE SOPORTE
Fuente rdacarrier
Nombre/término del tipo de soporte recurso en línea
Código del tipo de soporte cr
502 ## - NOTA DE TESIS
Tipo de título Ingeniería en Restauración Forestal
Nombre de la institución que otorga el título División de Ciencias Forestales,
Año de obtención del título 2020.
Información miscelánea Licenciatura
504 ## - NOTA DE BIBLIOGRAFÍA, ETC.
Nota de bibliografía, etc. Incluye referencias bibliográficas: páginas 93-98
520 ## - SUMARIO, ETC.
Sumario, etc. Este trabajo es una evaluación técnico financiera del beneficiado húmedo y seco del café en la comunidad de Siltepec, Chiapas, que es una zona productora de café donde existe un alto grado de intermediarismo y con este proyecto se pretende integrar a los productores para que sean ellos los principales beneficiarios. La puesta en marcha de este estaría generando empleos directos e indirectos dentro del proceso y la producción de café. En los municipios cafetaleros, tres de cada cuatro trabajadores agrícolas no perciben ingresos o ganan hasta un salario mínimo. Los bajos ingresos no permiten mejorar las condiciones productivas de las plantaciones cafetaleras. El beneficio húmedo y seco permitirá agregar valor al producto y es un eslabón en la cadena de valor de este producto. Para determinar la rentabilidad del proyecto se utilizó una tasa de actualización del 16% y se emplearon indicadores financieros como la tasa interna de retorno (TIR), el valor actual neto (VAN), la relación beneficio costo (RB/C), los cuales dieron los siguientes resultados: VAN de $10, 766,110.94; Relación Beneficio Costo B/C de $1.23 y una TIR de 32%, por lo que indica que el proyecto es viable.
650 #4 - PUNTO DE ACCESO ADICIONAL DE MATERIA--TÉRMINO DE MATERIA
9 (RLIN) 131348
Término de materia o nombre geográfico como elemento de entrada Ajolote
Subdivisión general Conservación
650 #2 - PUNTO DE ACCESO ADICIONAL DE MATERIA--TÉRMINO DE MATERIA
9 (RLIN) 130404
Término de materia o nombre geográfico como elemento de entrada Cuencas hidrológicas
Subdivisión general Análisis
Subdivisión geográfica Michoacán
650 #4 - PUNTO DE ACCESO ADICIONAL DE MATERIA--TÉRMINO DE MATERIA
9 (RLIN) 187098
Término de materia o nombre geográfico como elemento de entrada Cuencas hidrológicas
Subdivisión general Contaminación
700 1# - PUNTO DE ACCESO ADICIONAL--NOMBRE DE PERSONA
9 (RLIN) 107932
Nombre de persona Sánchez Vélez, Alejandro S.
Término indicativo de función/relación director.
856 ## - LOCALIZACIÓN Y ACCESO ELECTRÓNICOS
Identificador Uniforme del Recurso http://10.13.5.2/tesis/tl/Reyes_Valdovino_Erandi_Yunuen.pdf
Nota pública DESCARGAR PDF
942 ## - ELEMENTOS DE PUNTO DE ACCESO ADICIONAL (KOHA)
Fuente del sistema de clasificación o colocación Clasificación Universidad Autónoma Chapingo
Tipo de ítem Koha Tesis digital
Holdings
Estado de retiro Estado de pérdida Fuente del sistema de clasificación o colocación Estado dañado Restricciones de uso No para préstamo Código de colección Localización permanente Ubicación/localización actual Ubicación en estantería Fecha de adquisición Total de préstamos Signatura topográfica completa Fecha visto por última vez Precio válido a partir de Tipo de ítem Koha
    Clasificación Universidad Autónoma de Chapingo   Préstamo interno   Tesis digitales de Licenciatura Biblioteca Digital Biblioteca Digital En línea 16/05/2023   Tesis digital 16/05/2023 16/05/2023 Tesis digital